Experiencing psychology/ (Record no. 77)

MARC details
000 -LEADER
fixed length control field 00793nam a22001697a 4500
008 - FIXED-LENGTH DATA ELEMENTS--GENERAL INFORMATION
fixed length control field 110906t xxu||||| |||| 00| 0 eng d
020 ## - INTERNATIONAL STANDARD BOOK NUMBER
International Standard Book Number 0574420207 9780574420206
050 ## - LIBRARY OF CONGRESS CALL NUMBER
Classification number BF121 .E93
100 ## - MAIN ENTRY--PERSONAL NAME
Personal name Goodale, Robert A.
245 ## - TITLE STATEMENT
Title Experiencing psychology/
Statement of responsibility, etc. Robert A. Goodale ... [et al.].
260 ## - PUBLICATION, DISTRIBUTION, ETC.
Place of publication, distribution, etc. Chicago :
Name of publisher, distributor, etc. Science Research Associates,
Date of publication, distribution, etc. ©1978.
300 ## - PHYSICAL DESCRIPTION
Extent viii, 767 p.
Other physical details ill. ;
Dimensions 24 cm.
500 ## - GENERAL NOTE
General note Includes bibliographies and index
505 ## - FORMATTED CONTENTS NOTE
Formatted contents note Contents: The Puzzle of human behavior -- Four approaches to the puzzle -- The Puzzle of motivation -- The Puzzle of personality -- Learning to learn -- Learning to belong -- Social influences -- Conflict and adjustment -- Research methods in psychology -- The Biology of behavior
650 ## - SUBJECT ADDED ENTRY--TOPICAL TERM
Topical term or geographic name entry element Psychology.
942 ## - ADDED ENTRY ELEMENTS (KOHA)
Source of classification or shelving scheme Library of Congress Classification
Koha item type Books
Holdings
Withdrawn status Lost status Source of classification or shelving scheme Damaged status Not for loan Home library Current library Shelving location Date acquired Total Checkouts Full call number Barcode Date last seen Copy number Price effective from Koha item type
    Library of Congress Classification     WISCONSIN INTERNATIONAL UNIVERSITY COLLEGE, GHANA - MAIN LIBRARY WISCONSIN INTERNATIONAL UNIVERSITY COLLEGE, GHANA - MAIN LIBRARY General Stacks 06/09/2011   BF121.E93 191/11 06/09/2011 1 06/09/2011 Books

If you have any concerns or questions; kindly contact the library


© Powered by WIUC ICT DIRECTORATE